000 00406nam a2200157 4500
005 20260312153108.0
008 260312b |||||||| |||| 00| 0 eng d
020 _a9788119121892
040 _cFLL
041 _2ENG
_aENG
084 _aD65,8(B):(Z2) R4
245 _aPrivacy and Data Protection in the Digital Era
700 _aVijender Kumar
700 _aPandey Himanshu
_9539924
942 _2CC
_cTB
999 _c1715261
_d1715261